000 00549cam a22001817a 4500
008 180718b2010 xxu||||| |||| 00| 0 eng d
020 _a8131603334
082 _aJ71 Sp32
245 _aUrbanization and growth
_cedited by Michael Spence, Patricia Clarke Annez and Robert M
260 _aJaipur
_bRawat
_c2010
300 _a255p.
650 _aCities and towns --Growth
650 _aUrbanization --Economic aspects
650 _aUrban economics
700 _aBuckley, Robert M.
700 _aAnnez, Patricia Clarke
700 _aSpence, Michael
999 _c441214
_d441214